[Event "Groningen 2009 - Open A"]
[Site "Groningen NED"]
[Date "2009.12.24"]
[Round "4.3"]
[White "Burg, Twan"]
[Black "Brandenburg, Daan"]
[Result "1/2-1/2"]
[WhiteElo "2460"]
[BlackElo "2481"]
[PlyCount "47"]
[EventDate "2009.12.21"]
[EventType "swiss"]
[EventRounds "9"]
[EventCountry "NED"]
[Source "lmi"]
[SourceDate "2009.12.21"]

1. d4 d5 2. c4 dxc4 3. e4 e5 4. Nf3 exd4 5. Bxc4 Nc6 6. Qb3 Bb4+ 7. Bd2 Qe7 8.
Bd5 Bxd2+ 9. Nbxd2 Nf6 10. Bxc6+ bxc6 11. O-O O-O 12. Nxd4 c5 13. Nf5 Bxf5 14.
exf5 Rfd8 15. Nc4 Qe4 16. Rae1 Qxf5 17. Re5 Qf4 18. Rxc5 Ne4 19. Rc6 Rab8 20.
Qe3 Qxe3 21. fxe3 Rd7 22. Rc1 g6 23. b3 Rb5 24. Nb2 1/2-1/2

[Event "Groningen 2009 - Open A"]
[Site "Groningen NED"]
[Date "2009.12.24"]
[Round "4.4"]
[White "Swinkels, Robin"]
[Black "Genov, Petar"]
[Result "1/2-1/2"]
[WhiteElo "2500"]
[BlackElo "2476"]
[PlyCount "32"]
[EventDate "2009.12.21"]
[EventType "swiss"]
[EventRounds "9"]
[EventCountry "NED"]
[Source "lmi"]
[SourceDate "2009.12.21"]

1. d4 Nf6 2. c4 e6 3. g3 d5 4. Nf3 Be7 5. Bg2 O-O 6. O-O c6 7. Qc2 b6 8. Nbd2
Bb7 9. e4 Na6 10. Rd1 Qc7 11. a3 c5 12. dxc5 dxe4 13. cxb6 Qxb6 14. Ng5 e3 15.
Nde4 Bxe4 16. Nxe4 exf2+ 1/2-1/2

[Event "Groningen 2009 - Open A"]
[Site "Groningen NED"]
[Date "2009.12.24"]
[Round "4.5"]
[White "Bok, Benjamin"]
[Black "Nyzhnyk, Illya"]
[Result "0-1"]
[WhiteElo "2337"]
[BlackElo "2494"]
[PlyCount "102"]
[EventDate "2009.12.21"]
[EventType "swiss"]
[EventRounds "9"]
[EventCountry "NED"]
[Source "lmi"]
[SourceDate "2009.12.21"]

1. e4 c5 2. Nf3 Nc6 3. d4 cxd4 4. Nxd4 Qb6 5. Nb3 e6 6. Nc3 Nf6 7. Qe2 d6 8. g4
Be7 9. Be3 Qc7 10. g5 Nd7 11. O-O-O a6 12. f4 b5 13. Bg2 Bb7 14. Kb1 Rc8 15.
Qf2 b4 16. Na4 O-O 17. Nb6 Nxb6 18. Bxb6 Qb8 19. h4 Bd8 20. Be3 a5 21. Nd4 Nxd4
22. Bxd4 Qa8 23. Qe3 a4 24. h5 b3 25. cxb3 axb3 26. axb3 e5 27. Bc3 exf4 28.
Qxf4 f5 29. h6 g6 30. Rxd6 Bxg5 31. Qe5 Bxe4+ 32. Bxe4 Qxe4+ 33. Qxe4 fxe4 34.
Rd5 Bf4 35. Re1 e3 36. Bd4 Bxh6 37. b4 Rfe8 38. b5 e2 39. Bc3 Bf4 40. Rd3 Rb8
41. Rf3 g5 42. Kc2 h5 43. Rg1 Kh7 44. Rh3 Kg6 45. Rgh1 h4 46. Rg1 Kh5 47. Rd3
Rbc8 48. b6 e1=Q 49. Rxe1 Rxe1 50. b7 Re2+ 51. Kd1 Rce8 0-1

[Event "Groningen 2009 - Open A"]
[Site "Groningen NED"]
[Date "2009.12.24"]
[Round "4.6"]
[White "Nijboer, Friso"]
[Black "Kleijn, Christov"]
[Result "1-0"]
[WhiteElo "2561"]
[BlackElo "2383"]
[PlyCount "75"]
[EventDate "2009.12.21"]
[EventType "swiss"]
[EventRounds "9"]
[EventCountry "NED"]
[Source "lmi"]
[SourceDate "2009.12.21"]

1. e4 c5 2. Nf3 Nf6 3. Nc3 d6 4. d4 cxd4 5. Nxd4 a6 6. Be3 e5 7. Nb3 Be7 8. f3
Be6 9. Qd2 O-O 10. O-O-O a5 11. a4 Na6 12. g4 Nb4 13. Kb1 Rc8 14. g5 Nh5 15.
Rg1 Qc7 16. Qf2 f5 17. Bb6 Qb8 18. Bxa5 Nc6 19. exf5 Bxb3 20. cxb3 Nxa5 21. Nd5
Bd8 22. f6 Nxb3 23. Qh4 Qa7 24. Bh3 Qxg1 25. Rxg1 Nd2+ 26. Ka2 Rc4 27. Be6+ Kh8
28. Rg4 e4 29. Nc3 Nxf6 30. gxf6 Bxf6 31. Qf2 Rd4 32. fxe4 Ra8 33. e5 dxe5 34.
Rxd4 exd4 35. Qxd2 dxc3 36. bxc3 Rxa4+ 37. Kb3 Ra6 38. Qd7 1-0

[Event "Groningen 2009 - Open A"]
[Site "Groningen NED"]
[Date "2009.12.24"]
[Round "4.7"]
[White "Popilski, Gil"]
[Black "Baklan, Vladimir"]
[Result "1/2-1/2"]
[WhiteElo "2441"]
[BlackElo "2655"]
[PlyCount "120"]
[EventDate "2009.12.21"]
[EventType "swiss"]
[EventRounds "9"]
[EventCountry "NED"]
[Source "lmi"]
[SourceDate "2009.12.21"]

1. e4 c5 2. Nf3 d6 3. d4 cxd4 4. Nxd4 Nf6 5. Nc3 Nc6 6. Bc4 Bd7 7. O-O e6 8.
Nxc6 Bxc6 9. Qd3 Be7 10. Re1 O-O 11. Qg3 Kh8 12. Bg5 h6 13. Qh3 Kg8 14. Bh4
Nxe4 15. Bxe7 Qxe7 16. Nxe4 d5 17. Bd3 dxe4 18. Bxe4 Bxe4 19. Rxe4 Rfd8 20.
Rae1 Qf6 21. Qb3 Rd2 22. R4e2 Rad8 23. g3 b6 24. Kg2 R8d7 25. Qb4 Qd8 26. Qe4
g5 27. h3 Qf6 28. Qb4 Qd8 29. Qe4 Kg7 30. Qe5+ Qf6 31. Qxf6+ Kxf6 32. Kf3 h5
33. Rxd2 Rxd2 34. Re2 Rd1 35. Re4 Rb1 36. Rb4 Ke7 37. g4 h4 38. a4 f6 39. b3
Rd1 40. Rc4 Kd7 41. Kg2 a5 42. Kf3 f5 43. Kg2 Rd5 44. b4 axb4 45. Rxb4 fxg4 46.
Rxg4 Rc5 47. Rb4 Kc6 48. Kf3 Rxc2 49. Kg4 Rc5 50. f3 Rd5 51. Rc4+ Kd6 52. Rb4
Kc5 53. Rb5+ Kc6 54. Rb4 Rc5 55. Rd4 Ra5 56. Rb4 Kc5 57. Re4 Kd6 58. Rb4 Kc6
59. Re4 Kd6 60. Rb4 Kc6 1/2-1/2

[Event "Groningen 2009 - Open A"]
[Site "Groningen NED"]
[Date "2009.12.24"]
[Round "4.8"]
[White "Meijers, Viesturs"]
[Black "Grover, Sahaj"]
[Result "1/2-1/2"]
[WhiteElo "2488"]
[BlackElo "2372"]
[PlyCount "137"]
[EventDate "2009.12.21"]
[EventType "swiss"]
[EventRounds "9"]
[EventCountry "NED"]
[Source "lmi"]
[SourceDate "2009.12.21"]

1. d4 e6 2. Nf3 Nf6 3. e3 b6 4. b3 Bb7 5. Bb2 d5 6. g3 Bd6 7. Bg2 O-O 8. O-O
Nbd7 9. c4 Ne4 10. Nc3 f5 11. Rc1 a6 12. Qe2 Qe7 13. Rc2 c6 14. Nb1 a5 15. Ne5
Nxe5 16. dxe5 Bb4 17. a3 Bc5 18. Rfc1 Ba6 19. Qe1 dxc4 20. bxc4 Rad8 21. Bxe4
fxe4 22. Nd2 Bxa3 23. Bxa3 Qxa3 24. Nxe4 Rd3 25. Ra1 Qb3 26. Rcc1 Bxc4 27. Rab1
Qa2 28. Rxb6 Bd5 29. Nc3 Rxc3 30. Rxc3 Qa4 31. Rd3 Qe4 32. Rxd5 Qxd5 33. Ra6
Qxe5 34. Rxa5 Qe4 35. Qd1 Rb8 36. Ra4 Qf5 37. e4 Qf6 38. Qd6 Rf8 39. Ra2 e5 40.
Qxf6 gxf6 41. Kf1 Kg7 42. Ke2 Rd8 43. Ra7+ Kg6 44. Rc7 Rd4 45. Ke3 Rc4 46. f4
exf4+ 47. gxf4 Rc3+ 48. Kd4 Rc1 49. h4 f5 50. e5 Kh5 51. Rg7 h6 52. e6 Re1 53.
e7 Kxh4 54. Kc5 Re6 55. Kb6 h5 56. Kc7 Rxe7+ 57. Rxe7 Kg4 58. Rh7 Kxf4 59. Kxc6
Ke4 60. Kc5 f4 61. Kc4 h4 62. Kc3 Ke3 63. Kc2 f3 64. Re7+ Kf2 65. Kd2 h3 66.
Rh7 Kg2 67. Ke3 h2 68. Rxh2+ Kxh2 69. Kxf3 1/2-1/2

[Event "Groningen 2009 - Open A"]
[Site "Groningen NED"]
[Date "2009.12.24"]
[Round "4.9"]
[White "Theulings, Paul-Peter"]
[Black "Podzielny, Karl-Heinz"]
[Result "0-1"]
[WhiteElo "2135"]
[BlackElo "2456"]
[PlyCount "120"]
[EventDate "2009.12.21"]
[EventType "swiss"]
[EventRounds "9"]
[EventCountry "NED"]
[Source "lmi"]
[SourceDate "2009.12.21"]

1. Nf3 Nf6 2. c4 g6 3. g3 Bg7 4. Bg2 O-O 5. d4 d6 6. Nc3 c6 7. O-O Qa5 8. h3
Qb4 9. Qd3 Be6 10. b3 d5 11. Ne5 Rd8 12. Bd2 dxc4 13. bxc4 Nfd7 14. Nxd7 Bxc4
15. Rab1 Bxd3 16. Rxb4 Rxd7 17. exd3 Bxd4 18. Rfb1 Bb6 19. Bf1 Na6 20. R4b2 Nc5
21. Be3 Nxd3 22. Rd2 Bxe3 23. fxe3 Rad8 24. Rbd1 Ne5 25. Rxd7 Rxd7 26. Rxd7
Nxd7 27. Kf2 Nc5 28. e4 e5 29. Ke3 Kf8 30. g4 h6 31. h4 Ke7 32. Be2 b5 33. Bd1
a5 34. Ne2 a4 35. Nc3 Kd6 36. a3 Kc7 37. Na2 Kd6 38. Be2 Ne6 39. Nc3 Kc5 40.
Bd3 Nf4 41. Bf1 Kb6 42. Na2 Ne6 43. Nc3 Nd4 44. Bd3 Ka5 45. Ne2 c5 46. Nxd4
exd4+ 47. Kd2 c4 48. Bb1 g5 49. hxg5 hxg5 50. e5 b4 51. axb4+ Kxb4 52. Ba2 d3
53. Kc1 Kc3 54. Kd1 a3 55. Kc1 d2+ 56. Kd1 Kd3 57. Bb1+ Ke3 58. Ba2 c3 59. Bxf7
c2+ 60. Kxc2 Ke2 0-1

[Event "Groningen 2009 - Open A"]
[Site "Groningen NED"]
[Date "2009.12.24"]
[Round "4.11"]
[White "Poetsch, Hagen"]
[Black "Greenfeld, Alon"]
[Result "0-1"]
[WhiteElo "2361"]
[BlackElo "2559"]
[PlyCount "82"]
[EventDate "2009.12.21"]
[EventType "swiss"]
[EventRounds "9"]
[EventCountry "NED"]
[Source "lmi"]
[SourceDate "2009.12.21"]

1. e4 c5 2. Nf3 d6 3. d4 cxd4 4. Nxd4 Nf6 5. Nc3 Nc6 6. Bg5 e6 7. Qd2 a6 8.
O-O-O Bd7 9. f4 Be7 10. Nf3 b5 11. e5 b4 12. exf6 bxc3 13. Qxc3 gxf6 14. Bh4 d5
15. Kb1 Rc8 16. Bxa6 Rc7 17. Qb3 Qa8 18. Bb5 O-O 19. Bxc6 Bxc6 20. Nd4 Rb8 21.
Qg3+ Kf8 22. Qd3 Ra7 23. Qxh7 Ke8 24. Qg8+ Bf8 25. Bxf6 Rxa2 26. Nb3 d4 27.
Rxd4 Rxb3 28. cxb3 Be4+ 29. Kc1 Qc6+ 30. Rc4 Ra1+ 31. Kd2 Qd6+ 32. Bd4 Rxh1 33.
Qg5 Kd7 34. Qf6 Be7 35. Qxf7 Rxh2 36. Ke3 Rxg2 37. Ra4 Rg3+ 38. Ke2 Rxb3 39.
Ra7+ Bb7 40. Bc3 Qd5 41. Qg6 Qf3+ 0-1

[Event "Groningen 2009 - Open A"]
[Site "Groningen NED"]
[Date "2009.12.24"]
[Round "4.12"]
[White "Ernst, Sipke"]
[Black "Pruijssers, Roeland"]
[Result "1-0"]
[WhiteElo "2587"]
[BlackElo "2413"]
[PlyCount "133"]
[EventDate "2009.12.21"]
[EventType "swiss"]
[EventRounds "9"]
[EventCountry "NED"]
[Source "lmi"]
[SourceDate "2009.12.21"]

1. d4 Nf6 2. c4 g6 3. Nc3 Bg7 4. e4 d6 5. Nf3 O-O 6. Be2 e5 7. Be3 Ng4 8. Bg5
f6 9. Bc1 exd4 10. Nxd4 f5 11. h3 Nh6 12. Bxh6 Bxh6 13. exf5 gxf5 14. O-O Qf6
15. Re1 c6 16. Bh5 Na6 17. Qd3 Qh4 18. Qg3+ Qxg3 19. fxg3 Bg7 20. Rad1 Rf6 21.
Re8+ Rf8 22. Re2 Bd7 23. Nf3 Rf6 24. g4 Rh6 25. Ng5 Rf8 26. Re7 Nc5 27. Re2 a5
28. Red2 fxg4 29. hxg4 Be5 30. Re2 Rf4 31. g3 Rxg4 32. Bxg4 Bxg4 33. Rxe5 dxe5
34. Rd8+ Kg7 35. Re8 Be6 36. Re7+ Kf6 37. Nxe6 Nxe6 38. Rxb7 Kf5 39. Rf7+ Kg4
40. Ne4 Ng5 41. Nxg5 Kxg5 42. c5 e4 43. Ra7 Rf6 44. Rxh7 Rf5 45. Re7 Rxc5 46.
Kf2 Rc2+ 47. Ke3 Rxb2 48. Re5+ Kg4 49. Rxa5 Rb4 50. Re5 Kxg3 51. Rxe4 c5 52.
Kd3 Rb2 53. a4 Kf3 54. Rc4 Ra2 55. Kc3 Ke3 56. Kb3 Ra1 57. Kb2 Rh1 58. Kc2 Rh8
59. a5 Rh2+ 60. Kc3 Ra2 61. Rxc5 Ke4 62. Kc4 Ra1 63. Rh5 Ra2 64. Kb5 Rb2+ 65.
Kc6 Kd4 66. a6 Ra2 67. Kb6 1-0

[Event "Groningen 2009 - Open A"]
[Site "Groningen NED"]
[Date "2009.12.24"]
[Round "4.13"]
[White "Deviatkin, Andrei"]
[Black "Hoeksema, Erik"]
[Result "1/2-1/2"]
[WhiteElo "2608"]
[BlackElo "2331"]
[PlyCount "120"]
[EventDate "2009.12.21"]
[EventType "swiss"]
[EventRounds "9"]
[EventCountry "NED"]
[Source "lmi"]
[SourceDate "2009.12.21"]

1. e4 c5 2. c3 d5 3. exd5 Qxd5 4. d4 Nf6 5. Nf3 e6 6. a3 Be7 7. Be3 Nbd7 8. c4
Qd6 9. Nc3 O-O 10. dxc5 Qxd1+ 11. Rxd1 Nxc5 12. Be2 b6 13. Ne5 Bb7 14. b4 Nce4
15. Nxe4 Bxe4 16. f3 Bb7 17. Kf2 Rfd8 18. h3 Bd6 19. Bd4 Rac8 20. g4 Ne8 21. g5
Bc7 22. Bb2 Rxd1 23. Rxd1 Rd8 24. c5 Rxd1 25. Bxd1 bxc5 26. bxc5 f6 27. Ba4
fxe5 28. Bxe8 Bd5 29. g6 hxg6 30. Bxg6 Kf8 31. h4 Bb8 32. h5 a5 33. Bc1 Ba7 34.
Be3 Ke7 35. Kg3 Bc6 36. Kg4 Bd5 37. Be4 Bc4 38. Bg5+ Ke8 39. c6 Bb6 40. Bh4 Kf7
41. Bg3 Bc7 42. Bf2 Bb5 43. Bc5 Be2 44. Kg3 Kf6 45. Be3 Bc4 46. Bg6 Bd5 47. Kg4
Ke7 48. Be4 Bc4 49. Kg5 Kf7 50. Bg6+ Kg8 51. Bc5 Bd8+ 52. Kg4 Bc7 53. Be7 Bd5
54. Be4 Bc4 55. Bg5 Kf7 56. f4 exf4 57. Bg6+ Kf8 58. Bxf4 e5 59. Be3 Be6+ 60.
Bf5 Bd5 1/2-1/2

[Event "Groningen 2009 - Open A"]
[Site "Groningen NED"]
[Date "2009.12.24"]
[Round "4.14"]
[White "Donker, Roel"]
[Black "Afek, Yochanan"]
[Result "1/2-1/2"]
[WhiteElo "2140"]
[BlackElo "2285"]
[PlyCount "83"]
[EventDate "2009.12.21"]
[EventType "swiss"]
[EventRounds "9"]
[EventCountry "NED"]
[Source "lmi"]
[SourceDate "2009.12.21"]

1. d4 Nf6 2. c4 g6 3. Nc3 Bg7 4. e4 O-O 5. Nf3 c5 6. Be2 cxd4 7. Nxd4 Nc6 8.
Nc2 d6 9. O-O Nd7 10. Be3 Nc5 11. f3 a5 12. Qd2 a4 13. Rab1 Qa5 14. Rfd1 Be6
15. Nd5 Rfc8 16. Ncb4 Nxb4 17. Nxb4 Nd7 18. Nd5 Qxd2 19. Rxd2 Bxd5 20. Rxd5 Ne5
21. c5 dxc5 22. Rxc5 Rxc5 23. Bxc5 e6 24. Rd1 Rc8 25. Be3 h5 26. Rd2 a3 27.
bxa3 Rc3 28. Kf2 Rxa3 29. f4 Ng4+ 30. Bxg4 hxg4 31. e5 Bf8 32. Rb2 Kg7 33. Rxb7
Rxa2+ 34. Kg3 Ra3 35. Kf2 g5 36. f5 exf5 37. e6 Ra2+ 38. Kf1 Ra1+ 39. Ke2 Ra2+
40. Kf1 Ra1+ 41. Ke2 Ra2+ 42. Kf1 1/2-1/2

[Event "Groningen 2009 - Open A"]
[Site "Groningen NED"]
[Date "2009.12.24"]
[Round "4.15"]
[White "Assendelft van, Floris"]
[Black "Lyell, Mark"]
[Result "1/2-1/2"]
[WhiteElo "2325"]
[BlackElo "2245"]
[PlyCount "105"]
[EventDate "2009.12.21"]
[EventType "swiss"]
[EventRounds "9"]
[EventCountry "NED"]
[Source "lmi"]
[SourceDate "2009.12.21"]

1. Nf3 f5 2. g3 Nf6 3. Bg2 g6 4. c4 Bg7 5. Nc3 O-O 6. Rb1 d6 7. d3 e5 8. b4 f4
9. gxf4 exf4 10. Bxf4 Nh5 11. Bd2 Nf4 12. Bxf4 Rxf4 13. Nd5 Rf7 14. h4 c6 15.
Ng5 Rf8 16. Ne3 Bc3+ 17. Kf1 Bf6 18. Nf3 Nd7 19. d4 Nb6 20. b5 Be6 21. bxc6
bxc6 22. h5 g5 23. d5 cxd5 24. Nd4 Bf7 25. cxd5 Rc8 26. Ng4 Rc4 27. Nc6 Rxc6
28. dxc6 Bxa2 29. Rc1 Bb2 30. Qd2 Bxc1 31. Qxa2+ d5 32. Qa1 Rf4 33. Nh6+ Kf8
34. Qxc1 Qf6 35. c7 Rc4 36. Qa3+ Kg7 37. Rh3 Kxh6 38. Rf3 Qc6 39. Qf8+ Kxh5 40.
Qf7+ Qg6 41. Rh3+ Rh4 42. Bf3+ g4 43. Bxg4+ Kxg4 44. Qf3+ Kg5 45. Rg3+ Kh6 46.
Qf8+ Kh5 47. Rxg6 hxg6 48. c8=Q Nxc8 49. Qxc8 Rf4 50. Qd7 d4 51. Qxa7 g5 52.
Qh7+ Kg4 53. Kg2 1/2-1/2

[Event "Groningen 2009 - Open A"]
[Site "Groningen NED"]
[Date "2009.12.24"]
[Round "4.16"]
[White "Hoffmann, Michael"]
[Black "Hertog ten, Hugo"]
[Result "1-0"]
[WhiteElo "2509"]
[BlackElo "2159"]
[PlyCount "81"]
[EventDate "2009.12.21"]
[EventType "swiss"]
[EventRounds "9"]
[EventCountry "NED"]
[Source "lmi"]
[SourceDate "2009.12.21"]

1. d4 d5 2. c4 e6 3. Nf3 Nf6 4. Nc3 c6 5. Bg5 dxc4 6. e4 b5 7. e5 h6 8. Bh4 g5
9. Nxg5 hxg5 10. Bxg5 Nbd7 11. g3 Bb7 12. Bg2 Qc7 13. exf6 c5 14. d5 b4 15. d6
Qb6 16. Ne4 O-O-O 17. O-O Bd5 18. a3 b3 19. Qe2 Bxd6 20. Rfd1 Be5 21. Rac1 Qc6
22. Rxc4 Bxc4 23. Qxc4 Qc7 24. Rc1 Bxb2 25. Rb1 Nb6 26. Qa6+ Kb8 27. Nxc5 Bd4
28. Nxb3 Bxf2+ 29. Kxf2 Qc2+ 30. Qe2 Qxe2+ 31. Kxe2 Rxh2 32. Kf1 Rh5 33. Bf4+
e5 34. g4 Rh4 35. Bxe5+ Kc8 36. Nc5 Rd2 37. Bf4 Rd4 38. Bg3 Rh6 39. g5 Rh5 40.
Re1 Kd8 41. Re7 1-0

[Event "Groningen 2009 - Open A"]
[Site "Groningen NED"]
[Date "2009.12.24"]
[Round "4.18"]
[White "Caspi, Israel"]
[Black "Genova, Lyubka"]
[Result "1/2-1/2"]
[WhiteElo "2423"]
[BlackElo "2263"]
[PlyCount "141"]
[EventDate "2009.12.21"]
[EventType "swiss"]
[EventRounds "9"]
[EventCountry "NED"]
[Source "lmi"]
[SourceDate "2009.12.21"]

1. e4 c5 2. Nf3 e6 3. d4 cxd4 4. Nxd4 Nc6 5. Nc3 Qc7 6. Be3 a6 7. Qd2 Nf6 8.
O-O-O Bb4 9. f3 O-O 10. g4 b5 11. g5 Ne8 12. Nxc6 Qxc6 13. Qd4 Bxc3 14. Qxc3
Qxc3 15. bxc3 f6 16. Be2 d6 17. h4 e5 18. c4 Be6 19. c5 dxc5 20. Bxc5 Rf7 21.
a3 Rc7 22. Bb4 Bb3 23. Bd3 a5 24. Be1 Nd6 25. gxf6 gxf6 26. Rg1+ Kf7 27. Rd2
Bc4 28. Rdg2 Ke6 29. Rg7 Rc6 30. Kd1 b4 31. axb4 a4 32. Bf2 a3 33. Kd2 a2 34.
Ra1 f5 35. Bc5 fxe4 36. fxe4 Rd8 37. Kc3 Bxd3 38. cxd3 Nb5+ 39. Kc2 Na3+ 40.
Kd2 Nb1+ 41. Kc2 Na3+ 42. Kc1 Rxd3 43. Rxa2 Rh3 44. Rf2 Rh1+ 45. Kd2 Nc4+ 46.
Kd3 Nd6 47. Rg4 Rh3+ 48. Ke2 Ra6 49. Kf1 Ra1+ 50. Kg2 Rah1 51. Bxd6 R1h2+ 52.
Kf1 Rxf2+ 53. Kxf2 Kxd6 54. Kg2 Rb3 55. Rg5 Rxb4 56. Kf3 Rb3+ 57. Kg4 Re3 58.
Rg7 Rxe4+ 59. Kg5 h6+ 60. Kh5 Rf4 61. Rg6+ Kd5 62. Rxh6 e4 63. Kg5 Rf1 64. Rh8
e3 65. Re8 Kd4 66. h5 Kd3 67. h6 e2 68. h7 Rh1 69. Kg6 Kd2 70. Kg7 e1=Q 71.
Rxe1 1/2-1/2

[Event "Groningen 2009 - Open A"]
[Site "Groningen NED"]
[Date "2009.12.24"]
[Round "4.19"]
[White "Racherbaeumer, Marcel"]
[Black "Sparenberg, Erik"]
[Result "1/2-1/2"]
[WhiteElo "2301"]
[BlackElo "2072"]
[PlyCount "106"]
[EventDate "2009.12.21"]
[EventType "swiss"]
[EventRounds "9"]
[EventCountry "NED"]
[Source "lmi"]
[SourceDate "2009.12.21"]

1. e4 e5 2. Nf3 Nc6 3. Bb5 a6 4. Ba4 Nf6 5. O-O Be7 6. Re1 b5 7. Bb3 O-O 8. a4
b4 9. d3 d6 10. a5 Bg4 11. Nbd2 Nd4 12. Bc4 c5 13. c3 Nc6 14. Qa4 Bd7 15. Qa2
Qc7 16. Bb3 Rab8 17. Nc4 Bd8 18. Bd2 Bg4 19. Bd1 h6 20. h3 Be6 21. Bb3 Rb5 22.
Rec1 Nxa5 23. Nxa5 Rxa5 24. Qxa5 Qxa5 25. Rxa5 Bxa5 26. Bxe6 fxe6 27. cxb4 Bxb4
28. Bxb4 cxb4 29. Rc6 Rd8 30. Rxa6 d5 31. Nxe5 dxe4 32. dxe4 Rd1+ 33. Kh2 Nxe4
34. f3 Nc5 35. Ra8+ Kh7 36. Rb8 b3 37. f4 Rd2 38. h4 h5 39. Rb5 Na4 40. Rxb3
Rxb2 41. Ra3 Nc5 42. Ra5 Rc2 43. Ra7 Rf2 44. Ra5 Rc2 45. Kg3 Rc3+ 46. Kf2 Ne4+
47. Ke2 Ng3+ 48. Kd2 Ne4+ 49. Ke1 Rc2 50. Ra4 Ng3 51. Ra6 Rxg2 52. Rxe6 Nf5 53.
Nf3 g6 1/2-1/2

[Event "Groningen 2009 - Open A"]
[Site "Groningen NED"]
[Date "2009.12.24"]
[Round "4.20"]
[White "Bijlsma, Nick"]
[Black "Schiffer, Kai Uwe"]
[Result "0-1"]
[WhiteElo "2075"]
[BlackElo "2318"]
[PlyCount "84"]
[EventDate "2009.12.21"]
[EventType "swiss"]
[EventRounds "9"]
[EventCountry "NED"]
[Source "lmi"]
[SourceDate "2009.12.21"]

1. e4 c5 2. Nf3 e6 3. d4 cxd4 4. Nxd4 a6 5. Nc3 Qc7 6. g3 Bb4 7. Nde2 Nf6 8.
Bg2 Be7 9. O-O d6 10. h3 O-O 11. g4 Nc6 12. Ng3 b5 13. a3 Bb7 14. g5 Nd7 15. f4
Rfe8 16. Qe2 Bf8 17. Kh2 b4 18. axb4 Nxb4 19. Be3 d5 20. e5 a5 21. Rf2 Ba6 22.
Qg4 Bc5 23. Bxc5 Qxc5 24. Rd2 Qe3 25. Rad1 Nf8 26. Nce2 Ng6 27. c3 Nd3 28. Nf1
Qb6 29. Rxd3 Bxd3 30. Rxd3 Qxb2 31. Rd2 Qb3 32. Ne3 a4 33. Nxd5 Rad8 34. Nd4
Qc4 35. Nb6 Qxc3 36. Qd1 a3 37. Na4 Qb4 38. Bc6 Rf8 39. Kg3 a2 40. Rd3 Qb1 41.
Nc3 Qxd3+ 42. Qxd3 a1=Q 0-1

[Event "Groningen 2009 - Open A"]
[Site "Groningen NED"]
[Date "2009.12.24"]
[Round "4.21"]
[White "Klein, David"]
[Black "Mostertman, Milan"]
[Result "1/2-1/2"]
[WhiteElo "2262"]
[BlackElo "2169"]
[PlyCount "48"]
[EventDate "2009.12.21"]
[EventType "swiss"]
[EventRounds "9"]
[EventCountry "NED"]
[Source "lmi"]
[SourceDate "2009.12.21"]

1. e4 c5 2. Nf3 d6 3. d4 cxd4 4. Nxd4 Nf6 5. Nc3 g6 6. Be3 Bg7 7. f3 Nc6 8. Qd2
O-O 9. O-O-O d5 10. exd5 Nxd5 11. Nxc6 bxc6 12. Bd4 Bxd4 13. Qxd4 Qc7 14. Qc5
Nxc3 15. Qxc3 Bf5 16. Bc4 h5 17. Kb1 Rad8 18. Rde1 Qf4 19. Rxe7 Qxh2 20. Rc1
Qxg2 21. Qb3 Kg7 22. Qc3+ Kg8 23. Qb3 Kg7 24. Qc3+ Kg8 1/2-1/2

[Event "Groningen 2009 - Open A"]
[Site "Groningen NED"]
[Date "2009.12.24"]
[Round "4.22"]
[White "Nabuurs, Joep"]
[Black "Rauw, Gert Jan"]
[Result "1/2-1/2"]
[WhiteElo "2191"]
[BlackElo "2070"]
[PlyCount "98"]
[EventDate "2009.12.21"]
[EventType "swiss"]
[EventRounds "9"]
[EventCountry "NED"]
[Source "lmi"]
[SourceDate "2009.12.21"]

1. e4 c6 2. d4 d5 3. exd5 cxd5 4. c4 Nf6 5. Nc3 e6 6. Nf3 Be7 7. cxd5 Nxd5 8.
Bd3 Nc6 9. O-O O-O 10. Qc2 Nf6 11. Qd1 Nd5 12. a3 Bf6 13. Bb1 Nce7 14. Ne4 b6
15. Qd3 a5 16. Re1 Ba6 17. Qb3 Rc8 18. Nxf6+ Nxf6 19. Bg5 Ned5 20. Ne5 Qd6 21.
Qg3 Rfd8 22. Ba2 Qe7 23. Ng4 Bc4 24. Bb1 h5 25. Ne3 Nxe3 26. Qxe3 Rd5 27. b3
Ba6 28. Be4 Rd7 29. d5 exd5 30. Bf5 Qxe3 31. Rxe3 d4 32. Bxd7 Nxd7 33. Ree1 Nc5
34. Rab1 f6 35. Bd2 Bd3 36. Rb2 Bf5 37. Rc1 Re8 38. Rc4 Nxb3 39. Rxb3 Be6 40.
Rxb6 Bxc4 41. Bxa5 Ra8 42. Bb4 Rd8 43. Rc6 Be2 44. Rd6 Rxd6 45. Bxd6 h4 46. a4
Kf7 47. Bc5 d3 48. Bb4 Ke6 49. f4 Kd5 1/2-1/2

[Event "Groningen 2009 - Open A"]
[Site "Groningen NED"]
[Date "2009.12.24"]
[Round "4.23"]
[White "Paulet, Iozefina"]
[Black "Balje, Jan"]
[Result "1/2-1/2"]
[WhiteElo "2312"]
[BlackElo "2188"]
[PlyCount "129"]
[EventDate "2009.12.21"]
[EventType "swiss"]
[EventRounds "9"]
[EventCountry "NED"]
[Source "lmi"]
[SourceDate "2009.12.21"]

1. e4 c5 2. Nf3 Nc6 3. d4 cxd4 4. Nxd4 e6 5. Nc3 Qc7 6. Be3 a6 7. Be2 Nf6 8.
O-O Bb4 9. Na4 Be7 10. Nxc6 bxc6 11. Nb6 Rb8 12. Nxc8 Qxc8 13. Bd4 Qc7 14. e5
Nd5 15. b3 c5 16. Bb2 a5 17. Qd2 a4 18. c4 Nb4 19. Rfd1 axb3 20. axb3 Nc6 21.
Bf3 Nd4 22. Bxd4 cxd4 23. Qxd4 Bc5 24. Qd3 O-O 25. Be4 g6 26. Qg3 Rfd8 27. Ra6
Rb6 28. Rxb6 Qxb6 29. h4 Bf8 30. h5 Bg7 31. Qg5 h6 32. Qg3 g5 33. Bc2 Qa5 34.
f4 gxf4 35. Qh4 Bxe5 36. b4 Qc7 37. c5 d6 38. Qg4+ Kf8 39. Qe2 Ke7 40. Ba4 dxc5
41. Rxd8 Kxd8 42. Qb5 Bd4+ 43. Kf1 Ke7 44. Qe8+ Kd6 45. Qf8+ Ke5 46. Qg7+ Kd5
47. Qxh6 cxb4 48. Bb3+ Ke4 49. Ke2 Qc3 50. Qh7+ Ke5 51. Qd3 Qxd3+ 52. Kxd3 Bc3
53. Ba4 f5 54. Bd7 Kf6 55. h6 e5 56. h7 e4+ 57. Ke2 Kg5 58. Be6 Kg4 59. Kf1 Bd4
60. Ke2 Bc3 61. Kf2 e3+ 62. Ke2 Kg3 63. Bd5 Kg4 64. Bc4 Bg7 65. Bb3 1/2-1/2

[Event "Groningen 2009 - Open A"]
[Site "Groningen NED"]
[Date "2009.12.24"]
[Round "4.24"]
[White "Pijpers, Arthur"]
[Black "Warmelink, Evie"]
[Result "1-0"]
[WhiteElo "2201"]
[BlackElo "1970"]
[PlyCount "97"]
[EventDate "2009.12.21"]
[EventType "swiss"]
[EventRounds "9"]
[EventCountry "NED"]
[Source "lmi"]
[SourceDate "2009.12.21"]

1. e4 c5 2. Nf3 d6 3. d4 cxd4 4. Nxd4 Nf6 5. Nc3 e6 6. g4 h6 7. h4 Nc6 8. Rg1
h5 9. gxh5 Nxh5 10. Bg5 Nf6 11. Rg3 Qb6 12. Ndb5 Ne5 13. f4 Ned7 14. Rd3 Nxe4
15. Nxe4 Qxb5 16. Qd2 d5 17. O-O-O f6 18. Nc3 Qb6 19. Re1 Be7 20. Rde3 Nc5 21.
Nxd5 Qd8 22. f5 fxg5 23. fxe6 O-O 24. hxg5 Bxe6 25. Nxe7+ Qxe7 26. Rxe6 Nxe6
27. Bc4 Rfe8 28. Rxe6 Qxe6 29. Qe2 Kf7 30. Bxe6+ Rxe6 31. Qf3+ Kg6 32. Qxb7
Rae8 33. Qxa7 R8e7 34. Qc5 Re5 35. Qc6+ Kxg5 36. b4 Kf4 37. b5 g5 38. b6 R5e6
39. Qc4+ Re4 40. Qf1+ Kg3 41. Qg1+ Kf4 42. Qf2+ Kg4 43. a4 Kh3 44. Qf3+ Kh4 45.
Qh1+ Kg3 46. Qg1+ Kh4 47. Qh2+ Kg4 48. Qg2+ Kh4 49. b7 1-0

[Event "Groningen 2009 - Open A"]
[Site "Groningen NED"]
[Date "2009.12.24"]
[Round "4.25"]
[White "Cako, Laszlo"]
[Black "Kantans, Toms"]
[Result "0-1"]
[WhiteElo "2155"]
[BlackElo "2281"]
[PlyCount "64"]
[EventDate "2009.12.21"]
[EventType "swiss"]
[EventRounds "9"]
[EventCountry "NED"]
[Source "lmi"]
[SourceDate "2009.12.21"]

1. e4 d5 2. exd5 Qxd5 3. Nc3 Qd6 4. d4 Nf6 5. Bc4 a6 6. Nge2 Bg4 7. f3 Bf5 8.
Bf4 Qd7 9. Ng3 Bg6 10. Nce4 Nxe4 11. fxe4 h5 12. Qd3 e6 13. O-O-O Bd6 14. Ne2
Nc6 15. Qe3 Na5 16. Bd3 Qa4 17. Kb1 O-O-O 18. Rhf1 Nc6 19. c3 e5 20. dxe5 Bxe5
21. Bc2 Qa5 22. Nd4 Bxd4 23. cxd4 Nb4 24. Qb3 Nxc2 25. Qxc2 Rhe8 26. Rfe1 c6
27. Bg3 Qg5 28. d5 Qg4 29. Rd4 h4 30. dxc6 hxg3 31. cxb7+ Kb8 32. Rc1 Bxe4 0-1